000 00453nam a2200169Ia 4500
003 LK-CoDNM
008 010623t1984 xxu||||| |||| 00| 1 sin d
040 _aLK-CoDNM
_dLK-CoDNM
_eLK-CoDNM
041 _asin
080 _a294.32 (6)
100 _aRathanajothi Thero,Kalugala.
245 _aපට්ඨාන නිද්දෙස වාරය
246 _aPattana Niddesa Varaya
260 _bManula
_c1984
300 _b24p., 15 cm
942 _cBK
999 _c112611
_d112611